Oficiálna rozvojová pomoc SR v kontexte Európskej únie bakalárska práca

Salvato in:
Dettagli Bibliografici
Autore principale: Kosová, Ivana
Ente Autore: Obchodná fakulta EU. Katedra medzinárodného obchodu
Altri autori: Slováková, Viera
Natura: Libro
Lingua:slovacco
Pubblicazione: Bratislava 2011
Tags: Aggiungi Tag
Nessun Tag, puoi essere il primo ad aggiungerne!!

MARC

LEADER 00000nam a2200000 4500
001 0150914
005 20240320072110.7
041 0 |a slo 
044 |a SK 
245 1 0 |a Oficiálna rozvojová pomoc SR v kontexte Európskej únie  |b bakalárska práca  |c Ivana Kosová ; školiteľ: Viera Slováková 
264 1 |a Bratislava  |c 2011 
300 |a 61 s. 
100 1 |a Kosová, Ivana 
700 1 |a Slováková, Viera 
710 2 |a Obchodná fakulta EU. Katedra medzinárodného obchodu